000 00916nam a2200253 a 4500
001 26056
003 CO-ViMGA
005 20230915232144.0
008 141112s2004 ck r 000 u spa d
020 _a9875910007
040 _aCO-ViMGA
_bspa
_cCO-ViMGA
041 _aspa
082 0 4 _a374 Y85e
100 1 _aYuni, José Alberto.
_940669
245 1 0 _aEducación de adultos mayores :
_bteoría, investigación e intervenciones /
_cJosé Alberto Yuni, Claudio Ariel Urbano ; con la colaboración de Liliana Tarditi.
260 _aCórdoba :
_bBrujas,
_c2005.
300 _a290 p. ; 25 cm.
504 _aIncluye bibliografía.
650 1 4 _aEducación de adultos.
700 1 _aUrbano, Claudio Ariel.
_940670
942 _2ddc
_cBK
949 _an n
999 _c33283
_d33283